[Event "Galatasaray Blitz Chess Tournament"]
[Site "Istanbul"]
[Date "2019.03.24"]
[Round "9.3"]
[White "Dastan, Muhammed Batuhan"]
[Black "Yurtseven, Melih"]
[Result "1-0"]
[WhiteElo "2561"]
[BlackElo "2390"]
[Annotator "TA"]
[PlyCount "145"]
[EventDate "2019.03.24"]
[EventType "swiss"]
[EventCountry "TUR"]
[SourceTitle "playchess.com"]
[Source "ChessBase"]
[SourceQuality "1"]

{[%evp 11,145,16,18,20,52,27,35,9,23,11,12,16,21,18,19,-6,8,-2,0,-4,-4,-29,-25,-20,-15,-14,-15,-14,-18,-31,24,-6,-4,-20,-9,-5,37,25,115,128,150,136,166,159,137,87,160,162,316,310,574,413,394,390,513,297,353,262,350,352,378,343,354,282,304,298,310,300,354,335,439,0,0,-222,-210,-183,12,17,17,17,103,75,84,18,22,24,18,-6,0,0,0,-8,-8,-8,0,-23,152,195,436,420,687,687,2434,3489,2181,1689,29969,29971,29963,29966,29968,29968,29968,29968,29970,29971,29972,29974,29975,29975,29976,29976,29976,29977,29976,29977,29977,29976,29977,29978,29976,29978,29980,29981,29981,29982]} 1. Nf3 d5 2. g3 Nc6 3. d4 Bf5 4. Bg2 Nb4 5. Na3 e6 6. O-O Nf6 7. c3 {D02: 1 d4 d5 2 Nf3 sidelines, including 2...Nf6 3 g3 and 2...Nf6 3 Bf4} (7. Bf4 c6 8. c3 Na6 9. Nc2 Be7 10. Ne5 h6 11. Ne1 O-O 12. N1d3 Rc8 13. b4 Nb8 14. a4 a5 {0-1 (48) Caruana,F (2829)-Kramnik,V (2769) London 2014}) 7... Na6 8. c4 c6 9. b3 {White is slightly better.} Be7 10. Bb2 O-O 11. Nc2 h6 $146 ({Predecessor:} 11... Be4 12. Nce1 Nb8 13. Nd3 Nbd7 14. a4 dxc4 15. bxc4 {0-1 (46) Kudryavtsev,V (2146)-Taylor,T (2327) Los Angeles 2010}) 12. Ne5 Nb8 13. Ne3 Bh7 14. Rc1 Nbd7 15. Nd3 a5 16. Kh1 Ne4 17. f3 Nef6 18. Bc3 a4 19. b4 Ne8 20. c5 Qb8 ({Black should play} 20... Nc7 $15) 21. Qd2 Nc7 22. Ba1 Nb5 23. Nc2 f6 24. e4 dxe4 (24... Qe8 $11 {remains equal.}) 25. fxe4 $16 Rd8 26. Nf4 Nf8 27. Qe2 Kh8 28. Rcd1 Qc7 (28... e5 $142) 29. d5 exd5 $2 (29... e5) 30. exd5 $18 cxd5 $2 (30... Re8 {was called for.} 31. Ne3 Bd8) 31. Nxd5 Rxd5 32. Bxd5 Rd8 33. Qxb5 Bxc2 34. Rd2 Rxd5 35. Rxc2 Ng6 36. Re2 Kh7 37. Qc4 (37. Qxa4 b6 $18) 37... Qc6 38. Qe4 f5 39. Qg2 Bg5 40. Kg1 f4 41. Rc2 $2 (41. gxf4 $18 Bf6 42. Bxf6 gxf6 43. Kh1) 41... fxg3 $11 {White must now prevent ...Be3+.} 42. hxg3 $2 ({Much weaker is} 42. Qxg3 Be3+ 43. Qxe3 Rg5+ 44. Qg3 (44. Qxg5 $2 hxg5 45. h4 Qe4 $19) 44... Qe4 $17) (42. Re2 $11 Nf4 43. Qe4+ {[%mdl 64] Double Attack} Qg6 44. Qxg6+ Kxg6 45. Rc2) 42... Be3+ $19 43. Rcf2 {[#]} Rg5 $2 (43... Qe6 $1 $19 {Hoping for ...Rf5.} 44. Qf3 Rd2 {[%mdl 64] Pin}) 44. Qxc6 $1 $11 bxc6 45. Kg2 {And now Rf7 would win.} Nh4+ (45... Bxf2 $11 {keeps the balance.} 46. Kxf2 (46. Rxf2 Ne7 $11) 46... Rf5+ 47. Kg2 Rxf1 48. Kxf1 Ne7) 46. Kh3 $16 Bxf2 47. Rxf2 {[%mdl 4096] Endgame KRB-KRN} ({White should try} 47. gxh4 $16 Rg1 48. Rxg1 (48. Rxf2 Rxa1 49. Kg4 Rb1 $11) 48... Bxg1 49. Kg2) 47... Nf5 $1 $11 48. g4 Ne3 49. Rf4 Nd5 50. Re4 h5 51. gxh5 Rxh5+ 52. Kg4 Rh1 53. Be5 Rg1+ $2 (53... Kg6 $11) 54. Kf5 $16 Rg2 $2 (54... g5 55. b5 cxb5) 55. Ke6 $18 Rxa2 {[#]} (55... Rd2 $142 56. b5 cxb5 57. Rh4+ Kg6) 56. b5 $1 {[%mdl 512]} cxb5 57. Kxd5 {KRB-KR} a3 58. Rg4 Rc2 59. Rxg7+ {White mates.} Kh6 60. Rb7 a2 61. Rxb5 Rd2+ 62. Kc6 Re2 63. Ra5 Rxe5 64. Rxa2 {KR-KR} Kg7 65. Rf2 Re6+ 66. Kb7 Re7+ 67. Kb6 Re1 68. c6 Rb1+ 69. Kc7 Kg6 70. Kc8 Rc1 71. c7 Rc3 72. Rf4 Kg5 73. Rb4 {Accuracy: White = 54%, Black = 33%.} 1-0

[Event "Galatasaray Blitz Chess Tournament"]
[Site "Istanbul"]
[Date "2019.03.24"]
[Round "9.4"]
[White "Aghamaliyev, Cemil"]
[Black "Tuncer, Tuna"]
[Result "1-0"]
[WhiteElo "2493"]
[BlackElo "2371"]
[Annotator "RC"]
[PlyCount "39"]
[EventDate "2019.03.24"]
[EventType "swiss"]
[EventCountry "TUR"]
[SourceTitle "playchess.com"]
[Source "ChessBase"]
[SourceQuality "1"]
[TimeControl "300+3"]

1. e4 {[%emt 0:00:00]} c5 {[%emt 0:00:00]} 2. Nf3 {[%emt 0:00:03]} e6 {[%emt 0:00:03]} 3. d4 {[%emt 0:00:00]} cxd4 {[%emt 0:00:00]} 4. Nxd4 {[%emt 0:00:01]} Nc6 {[%emt 0:00:00]} 5. Nc3 {[%emt 0:00:01]} Qc7 {[%emt 0:00:00]} 6. f4 {[%emt 0:00:01]} a6 {[%emt 0:00:05]} 7. Nf3 {[%emt 0:00:02]} b5 {[%emt 0:00:22]} 8. Bd3 {[%emt 0:00:01]} Bb7 {[%emt 0:00:21]} 9. O-O {[%emt 0:00:03]} Bc5+ {[%emt 0:00:00]} 10. Kh1 {[%emt 0:00:01]} Nge7 {[%emt 0:00:08]} 11. a3 {[%emt 0:00:34]} O-O {[%emt 0:00:05]} 12. e5 {[%emt 0:00:24]} f5 {[%emt 0:01:13]} 13. exf6 {[%emt 0:00:17]} gxf6 {[%emt 0:00:03]} 14. Ne4 {[%emt 0:00:31]} Ba7 {[%emt 0:00:03]} 15. Nd6 {[%emt 0:00:20]} Kh8 {[%emt 0:00:42]} 16. Nxb7 {[%emt 0:00:02]} Qxb7 {[%emt 0:00:01]} 17. b4 {[%emt 0:00:11]} Nd5 {[%emt 0:01:10]} 18. Qe1 {[%emt 0:00:01]} Nd4 {[%emt 0:00:23]} 19. Nxd4 {[%emt 0:00:03]} Bxd4 {[%emt 0:00:05]} 20. Qe4 {[%emt 0:00:01]} 1-0

[Event "Galatasaray Blitz Chess Tournament"]
[Site "Istanbul"]
[Date "2019.03.24"]
[Round "9.5"]
[White "Ozturk, Kubra"]
[Black "Gulbas, Cemil"]
[Result "0-1"]
[WhiteElo "2344"]
[BlackElo "2404"]
[Annotator "NA"]
[PlyCount "106"]
[EventDate "2019.03.24"]
[EventType "swiss"]
[EventCountry "TUR"]
[SourceTitle "playchess.com"]
[Source "ChessBase"]
[SourceQuality "1"]
[TimeControl "300+3"]

1. d4 {[%emt 0:00:00]} d5 {[%emt 0:00:00]} 2. c4 {[%emt 0:00:03]} c6 {[%emt 0:00:00]} 3. cxd5 {[%emt 0:00:00]} cxd5 {[%emt 0:00:00]} 4. Bg5 {[%emt 0:00:03]} Nc6 {[%emt 0:00:03]} 5. Nc3 {[%emt 0:00:01]} f6 {[%emt 0:00:05]} 6. Bd2 {[%emt 0:00:13]} e5 {[%emt 0:01:09]} 7. e3 {[%emt 0:00:06]} Bb4 {[%emt 0:00:27]} 8. a3 {[%emt 0:00:20]} Bxc3 {[%emt 0:00:13]} 9. Bxc3 {[%emt 0:00:01]} Nge7 {[%emt 0:00:03]} 10. Qh5+ {[%emt 0:00:13]} g6 {[%emt 0:00:16]} 11. Qf3 {[%emt 0:00:12]} exd4 {[%emt 0:00:34]} 12. exd4 {[%emt 0:00:09]} O-O {[%emt 0:00:16]} 13. h4 {[%emt 0:00:05]} h5 {[%emt 0:00:03]} 14. Bd3 {[%emt 0:00:06]} Bg4 {[%emt 0:00:35]} 15. Qf4 {[%emt 0:00:10]} Bf5 {[%emt 0:00:11]} 16. O-O-O {[%emt 0:00:08]} Rc8 {[%emt 0:00:09]} 17. Bxf5 {[%emt 0:00:14]} Nxf5 {[%emt 0:00:05]} 18. g4 {[%emt 0:00:06]} Qd6 {[%emt 0:00:30]} 19. Ne2 {[%emt 0:00:48]} Qxf4+ {[%emt 0:00:23]} 20. Nxf4 {[%emt 0:00:02]} hxg4 {[%emt 0:00:01]} 21. Nxd5 {[%emt 0:00:28]} Kf7 {[%emt 0:00:10]} 22. h5 {[%emt 0:00:33]} g5 {[%emt 0:00:21]} 23. h6 {[%emt 0:00:16]} Kg6 {[%emt 0:00:10]} 24. h7 {[%emt 0:00:14]} Rh8 {[%emt 0:00:04]} 25. Rde1 {[%emt 0:00:13]} Rcd8 {[%emt 0:00:08]} 26. Ne3 {[%emt 0:00:25]} Nxe3 {[%emt 0:00:11]} 27. fxe3 {[%emt 0:00:11]} Rxh7 {[%emt 0:00:07]} 28. Rhg1 {[%emt 0:00:02]} Rh4 {[%emt 0:00:02]} 29. Re2 {[%emt 0:00:06]} f5 {[%emt 0:00:04]} 30. b4 {[%emt 0:00:12]} Ne7 {[%emt 0:00:01]} 31. e4 {[%emt 0:00:06]} f4 {[%emt 0:00:01]} 32. d5 {[%emt 0:00:06]} g3 {[%emt 0:00:05]} 33. Bd4 {[%emt 0:00:08]} f3 {[%emt 0:00:05]} 34. Rc2 {[%emt 0:00:16]} Rxe4 {[%emt 0:00:02]} 35. Bxa7 {[%emt 0:00:01]} f2 {[%emt 0:00:04]} 36. Bxf2 {[%emt 0:00:03]} gxf2 {[%emt 0:00:00]} 37. Rxf2 {[%emt 0:00:01]} Rxd5 {[%emt 0:00:01]} 38. Rc2 {[%emt 0:00:06]} b5 {[%emt 0:00:05]} 39. Rcg2 {[%emt 0:00:22]} Re3 {[%emt 0:00:04]} 40. Kb2 {[%emt 0:00:03]} Ree5 {[%emt 0:00:02]} 41. Kc2 {[%emt 0:00:01]} Nc6 {[%emt 0:00:01]} 42. Rf2 {[%emt 0:00:03]} Nd4+ {[%emt 0:00:04]} 43. Kb1 {[%emt 0:00:02]} Ne2 {[%emt 0:00:00]} 44. Rgf1 {[%emt 0:00:06]} Nc3+ {[%emt 0:00:01]} 45. Kc2 {[%emt 0:00:02]} Ne4 {[%emt 0:00:02]} 46. Rf8 {[%emt 0:00:01]} Rd7 {[%emt 0:00:08]} 47. Re1 {[%emt 0:00:05]} Re6 {[%emt 0:00:07]} 48. Kb2 {[%emt 0:00:03]} Nc5 {[%emt 0:00:04]} 49. Rh1 {[%emt 0:00:06]} Na4+ {[%emt 0:00:01]} 50. Kb1 {[%emt 0:00:03]} Red6 {[%emt 0:00:05]} 51. Rg8+ {[%emt 0:00:00]} Rg7 {[%emt 0:00:00]} 52. Rb8 {[%emt 0:00:03]} g4 {[%emt 0:00:02]} 53. Rxb5 {[%emt 0:00:03]} Nc3+ {[%emt 0:00:01]} 0-1

[Event "Galatasaray Blitz Chess Tournament"]
[Site "Istanbul"]
[Date "2019.03.24"]
[Round "10.1"]
[White "Gokerkan, Cem Kaan"]
[Black "Gulbas, Cemil"]
[Result "1-0"]
[WhiteElo "2419"]
[BlackElo "2404"]
[Annotator "TA"]
[PlyCount "53"]
[EventDate "2019.03.24"]
[EventType "swiss"]
[EventCountry "TUR"]
[SourceTitle "playchess.com"]
[Source "ChessBase"]
[SourceQuality "1"]

{[%evp 22,53,91,99,107,106,81,93,139,103,109,95,219,179,364,358,1194,1177,1215,1193,1181,1178,1425,1422,1977,1968,1929,1839,2360,2335,2527,2097,29989,29990]} 1. e4 c5 2. Nf3 d6 3. d4 cxd4 4. Nxd4 Nf6 5. Nc3 a6 6. Bg5 e6 7. f4 Nbd7 8. Qe2 {B96: Sicilian Najdorf: 6 Bg5 e6 7 f4, lines other than 7...Qb6 and 7...Be7} h6 9. Bh4 Qc7 (9... e5 10. fxe5 dxe5 11. Nf5 Nb6 12. Qf3 Bxf5 13. Qxf5 Be7 14. Bd3 Nfd7 15. Bxe7 Qxe7 16. O-O-O O-O 17. Kb1 Nc5 18. Be2 Rad8 19. Qf2 Qc7 20. Qe3 Qc6 21. Rhe1 Rfe8 22. a3 Kf8 {½-½ (22) Anand,V (2773)-Nepomniachtchi,I (2763) Wijk aan Zee 2019}) 10. O-O-O Be7 11. g4 b5 {[#]} 12. e5 $1 {[%cal Re5f6] LiveBook: 3 Games} dxe5 13. fxe5 Qxe5 {[#]} 14. Qf3 $1 {[%cal Rf3a8]} Ra7 $146 {White must now prevent ...Bb7.} ({Predecessor:} 14... Ne4 15. Bxe7 Bb7 {0-1 (50) Matinian,N (2504)-Darini,P (2492) Ahvaz 2018}) 15. Nc6 $1 {[%csl LRa7,LRe5][%mdl 1024] White has strong compensation.} Qc7 {Hoping for ...Bb7.} 16. Bg3 Qb7 (16... Qb6 $16 {keeps fighting.}) 17. Bg2 $36 {[%mdl 2048] White has strong initiative.} b4 $2 (17... Qa8) 18. Ne4 ({Weaker is} 18. Nxa7 Qxa7 19. Ne4 O-O $16) 18... Nd5 $2 (18... Nxe4 19. Qxe4 Qb6 20. Nxe7 Kxe7) 19. Nxe7 Kxe7 20. Nd6 N7f6 21. Nxb7 Bxb7 22. Qf2 Raa8 23. Qc5+ Ke8 24. Rhe1 Rc8 25. Qa7 Bc6 26. Bd6 Rd8 27. Bxd5 1-0

[Event "Galatasaray Blitz Chess Tournament"]
[Site "Istanbul"]
[Date "2019.03.24"]
[Round "10.2"]
[White "Ozturk, Kubra"]
[Black "Tuncer, Tuna"]
[Result "0-1"]
[WhiteElo "2344"]
[BlackElo "2371"]
[Annotator "NA"]
[PlyCount "60"]
[EventDate "2019.03.24"]
[EventType "swiss"]
[EventCountry "TUR"]
[SourceTitle "playchess.com"]
[Source "ChessBase"]
[SourceQuality "1"]
[TimeControl "180+2"]

1. d4 {[%emt 0:00:00]} f5 {[%emt 0:00:00]} 2. Nf3 {[%emt 0:00:02]} Nf6 {[%emt 0:00:02]} 3. g3 {[%emt 0:00:02]} e6 {[%emt 0:00:02]} 4. Bg2 {[%emt 0:00:02]} d5 {[%emt 0:00:02]} 5. O-O {[%emt 0:00:02]} Bd6 {[%emt 0:00:02]} 6. c4 {[%emt 0:00:02]} O-O {[%emt 0:00:02]} 7. b3 {[%emt 0:00:02]} c6 {[%emt 0:00:02]} 8. Ba3 {[%emt 0:00:02]} Bxa3 {[%emt 0:00:02]} 9. Nxa3 {[%emt 0:00:02]} Qe7 {[%emt 0:00:02]} 10. Nb1 {[%emt 0:00:02]} Nbd7 {[%emt 0:00:02]} 11. Nbd2 {[%emt 0:00:02]} b6 {[%emt 0:00:02]} 12. Qc2 {[%emt 0:00:02]} Bb7 {[%emt 0:00:29]} 13. e3 {[%emt 0:00:31]} Ne4 {[%emt 0:00:13]} 14. Ne1 {[%emt 0:00:40]} c5 {[%emt 0:00:10]} 15. Nd3 {[%emt 0:00:24]} Rac8 {[%emt 0:00:05]} 16. dxc5 {[%emt 0:00:22]} Ndxc5 {[%emt 0:00:20]} 17. Nxc5 {[%emt 0:00:22]} Rxc5 {[%emt 0:00:09]} 18. Rac1 {[%emt 0:00:10]} Nxd2 {[%emt 0:00:33]} 19. Qxd2 {[%emt 0:00:01]} dxc4 {[%emt 0:00:00]} 20. Rxc4 {[%emt 0:00:10]} Rxc4 {[%emt 0:00:07]} 21. bxc4 {[%emt 0:00:01]} Bxg2 {[%emt 0:00:03]} 22. Kxg2 Rc8 {[%emt 0:00:07]} 23. Rd1 {[%emt 0:00:09]} Rc7 {[%emt 0:00:18]} 24. Qd4 {[%emt 0:00:07]} h6 {[%emt 0:00:15]} 25. h4 {[%emt 0:00:01]} Kh7 {[%emt 0:00:04]} 26. h5 {[%emt 0:00:15]} Qe8 {[%emt 0:00:01]} 27. Qf4 {[%emt 0:00:05]} Qc6+ {[%emt 0:00:10]} 28. Kh2 {[%emt 0:00:07]} Qxc4 {[%emt 0:00:03]} 29. Qxc4 {[%emt 0:00:07]} Rxc4 {[%emt 0:00:01]} 30. Rd7 {[%emt 0:00:02]} Ra4 {[%emt 0:00:10]} 0-1

[Event "Galatasaray Blitz Chess Tournament"]
[Site "Istanbul"]
[Date "2019.03.24"]
[Round "10.3"]
[White "Aghamaliyev, Cemil"]
[Black "Yurtseven, Melih"]
[Result "1-0"]
[WhiteElo "2493"]
[BlackElo "2390"]
[Annotator "TA"]
[PlyCount "67"]
[EventDate "2019.03.24"]
[EventType "swiss"]
[EventCountry "TUR"]
[SourceTitle "playchess.com"]
[Source "ChessBase"]
[SourceQuality "1"]

{[%evp 15,67,0,0,0,0,-12,0,-68,22,0,-27,-79,170,164,345,109,252,242,239,247,241,230,277,241,233,212,222,224,258,215,212,203,312,302,358,341,821,687,1002,494,1335,235,233,212,281,271,756,137,367,175,357,350,656,648]} 1. e4 c5 2. Nf3 d6 3. d4 cxd4 4. Nxd4 Nf6 5. Nc3 a6 6. Bg5 Nbd7 7. Bc4 e6 8. f4 Qb6 9. Bb3 {B96: Sicilian Najdorf: 6 Bg5 e6 7 f4, lines other than 7...Qb6 and 7...Be7} Be7 $1 10. Qd2 (10. f5 Nc5 11. Be3 Qc7 12. O-O b5 13. a3 Nxb3 14. cxb3 O-O 15. Qf3 {½-½ (61) Jobava,B (2730)-Wojtaszek,R (2717) Poznan 2012}) 10... Nc5 11. O-O-O $146 (11. Bxf6 $11 Bxf6 12. O-O-O) ({Predecessor:} 11. Bxf6 Bxf6 12. O-O-O Qc7 13. g4 O-O 14. g5 Bd8 15. h4 b5 16. a3 {½-½ (16) Jensen,E (2510)-Avotins,M (2450) ICCF email 2013}) 11... Bd7 ({Black should play} 11... Nfxe4 $15 12. Nxe4 Nxe4) 12. Rhe1 {Strongly threatening Nf5!} h6 13. Bh4 (13. Bxf6 $1 $11 {keeps the balance.} Bxf6 14. Nf3) 13... g5 $2 (13... Nfxe4 $1 $17 {stays on course.} 14. Nxe4 Bxh4) 14. fxg5 $18 Ng4 $2 {[#]} (14... hxg5 15. Bxg5 Rg8) 15. Kb1 $2 (15. Nf5 $1 $18 {[%cal Rf5e7][%mdl 512]} exf5 16. Nd5 Nxb3+ 17. axb3) 15... Rg8 {[#]} (15... Ne5 $16 {keeps fighting.}) 16. Nf5 $1 {[%cal Rf5e7][%mdl 512]} hxg5 (16... exf5 17. exf5 Ne5 18. g6 $18) 17. Nxe7 Kxe7 18. Bxg5+ f6 19. Bf4 {[%cal Rf4d6]} Ne5 20. Bxe5 fxe5 21. Rf1 Rae8 22. g3 a5 23. a4 $40 {[%mdl 128] White wants a kill.} Nxb3 (23... Kd8 $142 24. Rf7 (24. Qxd6 Qxd6 25. Rxd6 Ke7 $16) 24... Rgf8) 24. cxb3 Qb4 25. Ka2 Rc8 $2 (25... Bc6 26. Rf3 Bxe4 27. Nxe4 Qxd2 28. Nxd2 d5) 26. Rf3 Rc6 27. Rd3 (27. Qh6 $142 Kd8 28. Nb5) 27... b6 (27... Rb6 $142 28. Ka1 Rf8) 28. Nb5 $2 (28. Qh6 {Qh7+ is the strong threat.} Rf8 29. Nb5) 28... Qxd2 29. R3xd2 Rh8 30. Nxd6 Rc5 $2 {[#]} (30... Rc7 31. Ka3 Rb8) 31. Nc4 $2 (31. Nf5+ $1 $18 {[%mdl 512] is the precise move to win.} Kf6 (31... exf5 32. Rxd7+) 32. Rxd7 Rxh2 33. Ne3) 31... Bc6 $2 (31... Bxa4 $16 32. Nd6 (32. Nxb6 Bxb3+ {[%mdl 64] Decoy} 33. Kxb3 Rb5+ 34. Ka3 Rxb6 $16) 32... Bc6) 32. Re1 (32. Nxb6 $142 {Threatens to win with Nd7.} Bxe4 33. Rd7+ Kf6 34. Ra7) 32... b5 $2 (32... Bxa4 33. Re3 (33. Nxb6 Bxb3+ {[%mdl 64] Decoy} 34. Kxb3 Rb5+ 35. Ka2 Rxb6 $16) 33... Rb8) 33. Nxa5 bxa4 $2 (33... Be8 34. axb5 Rxb5) 34. b4 {Accuracy: White = 33%, Black = 17%.} 1-0

[Event "Galatasaray Blitz Chess Tournament"]
[Site "Istanbul"]
[Date "2019.03.24"]
[Round "10.4"]
[White "Dastan, Muhammed Batuhan"]
[Black "Yilmazyerli, Mert"]
[Result "1/2-1/2"]
[WhiteElo "2561"]
[BlackElo "2425"]
[Annotator "TA"]
[PlyCount "84"]
[EventDate "2019.03.24"]
[EventType "swiss"]
[EventCountry "TUR"]
[SourceTitle "playchess.com"]
[Source "ChessBase"]
[SourceQuality "1"]

{[%evp 9,84,25,45,33,140,90,94,57,69,69,52,38,47,25,28,31,21,-16,-6,-22,19,-27,-14,-37,-43,-33,-20,-69,-56,-121,-64,-123,-72,-452,-420,-528,-541,-563,-578,-1188,-1075,-1000,-323,-316,-300,-257,-227,-428,-187,-137,-140,-195,-166,-166,-121,-165,-165,-160,-67,-61,-69,-66,-9,-11,-13,-11,-8,-23,-16,-30,-10,-22,-9,-58,-16,-45,-51]} 1. d4 Nf6 2. Nf3 e6 3. Bf4 c5 4. e3 b6 5. Nc3 Be7 $146 ({Predecessor:} 5... a6 6. d5 d6 7. dxe6 Bxe6 8. Ng5 Nc6 9. Nxe6 fxe6 10. g4 h6 11. Bg2 Qd7 12. Qe2 b5 {1-0 (29) Berkes,F (2653)-Efimenko,Z (2641) Hungary 2018}) 6. Nb5 {[#] Strongly threatening Bc7. A47: 1 d4 Nf6 2 Nf3 b6: Torre, London and Colle Systems} Nd5 (6... Na6 $1 $14) 7. Bg3 O-O 8. c4 {White is better.} a6 $1 9. cxd5 axb5 10. d6 Bf6 11. e4 Bxd4 12. Nxd4 cxd4 13. Qxd4 Nc6 14. Qd2 b4 15. Be2 Ba6 16. Bxa6 Rxa6 17. O-O Qa8 18. e5 Rxa2 19. Rac1 (19. Rxa2 $15 Qxa2 20. Rc1) 19... Qa5 (19... f6 $17 20. exf6 Rxf6) 20. Rfe1 ({White should try} 20. f4 $15) 20... b3 (20... Qd5 $142 21. Qxd5 exd5) 21. Qg5 $2 {[%mdl 8192] [#]} (21. Rc3 $17) 21... Rxb2 $19 22. Rcd1 Rc2 23. Qg4 b2 {Hoping for ...Qxe1+!} 24. Bh4 Nxe5 25. Qe4 Rc1 $2 (25... Rfc8 26. Bg5 f6) 26. Rxc1 bxc1=Q ({But not} 26... bxc1=R 27. Rxc1 Qd2 28. Rb1 $19) 27. Rxc1 Ng6 28. Bg3 $2 (28. Be7 Qa3 29. Rb1) 28... b5 (28... f5 $142 29. Qb7 f4 30. Qxd7 Qe5) 29. Qb7 Rd8 30. Rd1 (30. h4 $17) 30... h6 31. h3 b4 32. Rc1 Kh7 33. Rb1 Qd5 (33... f5 $17 {aiming for ...f4.} 34. Qxb4 Ra8) 34. Qxd5 $15 exd5 35. Rxb4 {[%mdl 4096] Endgame KRB-KRN} Nf8 (35... Rc8 $15) 36. Rd4 $11 Ne6 37. Rxd5 Ra8 38. Kh2 Kg6 39. f3 f5 40. Kg1 Ra2 41. Re5 h5 42. Re1 Rd2 {Precision: White = 26%, Black = 37%.} 1/2-1/2

[Event "Galatasaray Blitz Chess Tournament"]
[Site "Istanbul"]
[Date "2019.03.24"]
[Round "10.5"]
[White "Ozer, Omer Faruk"]
[Black "Arat, Ufuk Sezen"]
[Result "1-0"]
[WhiteElo "2369"]
[BlackElo "2368"]
[Annotator "NA"]
[PlyCount "85"]
[EventDate "2019.03.24"]
[EventType "swiss"]
[EventCountry "TUR"]
[SourceTitle "playchess.com"]
[Source "ChessBase"]
[SourceQuality "1"]
[TimeControl "180+2"]

1. e4 {[%emt 0:00:00]} c6 {[%emt 0:00:00]} 2. Nc3 {[%emt 0:00:02]} d5 {[%emt 0:00:02]} 3. Nf3 {[%emt 0:00:02]} Nf6 {[%emt 0:00:02]} 4. e5 {[%emt 0:00:02]} Ne4 {[%emt 0:00:02]} 5. Ne2 {[%emt 0:00:02]} Qb6 {[%emt 0:00:02]} 6. d4 {[%emt 0:00:02]} e6 {[%emt 0:00:02]} 7. Ng3 {[%emt 0:00:02]} c5 {[%emt 0:00:02]} 8. Bd3 {[%emt 0:00:02]} Nxg3 {[%emt 0:00:02]} 9. hxg3 {[%emt 0:00:02]} Nc6 {[%emt 0:00:02]} 10. c3 {[%emt 0:00:02]} cxd4 {[%emt 0:00:02]} 11. cxd4 {[%emt 0:00:02]} Bd7 {[%emt 0:00:35]} 12. Bb1 {[%emt 0:00:54]} Bb4+ {[%emt 0:00:35]} 13. Kf1 {[%emt 0:00:02]} h6 {[%emt 0:00:33]} 14. Kg1 {[%emt 0:00:09]} O-O-O {[%emt 0:00:08]} 15. a3 {[%emt 0:00:06]} Be7 {[%emt 0:00:02]} 16. b4 {[%emt 0:00:01]} g5 {[%emt 0:00:00]} 17. Be3 {[%emt 0:00:07]} g4 {[%emt 0:00:04]} 18. Ne1 {[%emt 0:00:02]} h5 {[%emt 0:00:00]} 19. Nd3 {[%emt 0:00:03]} f6 {[%emt 0:00:27]} 20. exf6 {[%emt 0:00:23]} Bxf6 {[%emt 0:00:01]} 21. Nc5 {[%emt 0:00:00]} Kb8 {[%emt 0:00:21]} 22. Ba2 {[%emt 0:00:09]} Ka8 {[%emt 0:00:02]} 23. Rc1 {[%emt 0:00:18]} Ne7 {[%emt 0:00:03]} 24. Qd2 {[%emt 0:00:11]} Nf5 {[%emt 0:00:04]} 25. Nxd7 {[%emt 0:00:11]} Rxd7 {[%emt 0:00:02]} 26. Rxh5 {[%emt 0:00:01]} Rf8 {[%emt 0:00:14]} 27. Rc5 {[%emt 0:00:12]} a6 {[%emt 0:00:15]} 28. Bb1 {[%emt 0:00:01]} Nd6 {[%emt 0:00:06]} 29. Bd3 {[%emt 0:00:04]} Qd8 {[%emt 0:00:03]} 30. Qc2 {[%emt 0:00:02]} Be7 {[%emt 0:00:04]} 31. b5 {[%emt 0:00:04]} Nxb5 {[%emt 0:00:02]} 32. Bxb5 {[%emt 0:00:05]} axb5 {[%emt 0:00:02]} 33. Rxb5 {[%emt 0:00:01]} Rd6 {[%emt 0:00:01]} 34. Qb3 {[%emt 0:00:01]} Qd7 {[%emt 0:00:01]} 35. Rh7 {[%emt 0:00:05]} Rc6 {[%emt 0:00:06]} 36. a4 {[%emt 0:00:01]} Rfc8 {[%emt 0:00:00]} 37. a5 {[%emt 0:00:03]} Qc7 {[%emt 0:00:02]} 38. Qb2 {[%emt 0:00:07]} Qd7 {[%emt 0:00:01]} 39. Bg5 {[%emt 0:00:03]} Re8 {[%emt 0:00:02]} 40. Rb6 {[%emt 0:00:02]} Rxb6 {[%emt 0:00:02]} 41. Qxb6 {[%emt 0:00:02]} Qd6 {[%emt 0:00:02]} 42. Rxe7 {[%emt 0:00:02]} Qxb6 {[%emt 0:00:02]} 43. Rxe8+ {[%emt 0:00:02]} 1-0

[Event "Galatasaray Blitz Chess Tournament"]
[Site "Istanbul"]
[Date "2019.03.24"]
[Round "11.1"]
[White "Ozer, Omer Faruk"]
[Black "Gokerkan, Cem Kaan"]
[Result "0-1"]
[WhiteElo "2369"]
[BlackElo "2419"]
[Annotator "TA"]
[PlyCount "88"]
[EventDate "2019.03.24"]
[EventType "swiss"]
[EventCountry "TUR"]
[SourceTitle "playchess.com"]
[Source "ChessBase"]
[SourceQuality "1"]

{[%evp 17,88,0,14,-33,9,0,20,25,24,26,20,25,22,6,35,0,73,16,37,-36,14,0,34,4,146,-32,0,-31,-8,0,0,-41,-23,-40,-41,-61,-74,-514,-522,-516,-516,-508,-507,-547,-554,-671,-662,-669,-637,-759,-758,-986,-869,-1148,-1114,-1069,-961,-1214,-889,-860,-862,-1032,-1017,-1002,-1004,-957,-924,-1138,-1080,-907,-872,-29974,-29975]} 1. e4 c5 2. Nf3 d6 3. d4 cxd4 4. Nxd4 Nf6 5. Nc3 a6 6. Be2 e5 7. Nb3 Be7 8. O-O O-O 9. Kh1 b5 10. f4 {B92: Sicilian Najdorf: 6 Be2} (10. a4 $5 {[%cal Ra4b5]}) (10. a4 Bb7 11. axb5 axb5 12. Rxa8 Bxa8 13. Bxb5 Nxe4 14. Nxe4 Bxe4 15. Qe2 Bb7 16. Bd2 Nc6 17. Ra1 d5 18. Bxc6 Bxc6 19. Qxe5 {½-½ (76) Istratescu,A (2651)-Yilmaz,M (2537) Legnica 2013}) 10... exf4 11. Bxf4 Nc6 12. a4 {The position is equal.} b4 13. Nd5 Nxd5 14. exd5 Ne5 15. Nd4 $146 ({Predecessor:} 15. a5 Bf6 16. Bg3 Rb8 17. Nd4 Re8 18. Nc6 Nxc6 19. dxc6 {1-0 (32) Drobak,B (2048)-Dunn,P (1836) IECC email 1999}) 15... Bf6 16. Qd2 Qa5 (16... Bb7 $11) 17. Nb3 (17. Nc6 $1 $16 {[%cal Rc6a5]} Nxc6 18. dxc6) 17... Qc7 $1 $11 18. Rac1 (18. Bg3 $14) 18... a5 19. Be3 Be7 20. Bd4 Bd7 {[#]} (20... Qd8 $11 {remains equal.}) 21. Rcd1 $2 (21. Bxe5 $1 $16 dxe5 {[#]} 22. d6 $1 {[%mdl 512]} Bxd6 23. Rfd1) 21... Ng6 22. Bb5 Qb7 23. Bxd7 Qxd7 24. Ra1 Rfc8 25. c3 Qb7 {Threatens to win with ...bxc3.} 26. Qf2 Qxd5 27. Rad1 $2 {[%mdl 8192]} (27. Nd2 $17) 27... Qxb3 $19 28. Qf3 bxc3 29. Bxc3 Bf8 30. g3 Ne5 31. Qg2 Qxa4 32. Rd5 Qc6 33. Rfd1 a4 34. Bb4 Qc2 35. R5d2 Qb3 36. Bc3 a3 37. Bxe5 dxe5 38. bxa3 Qxa3 39. h4 Rc1 40. Kh2 Rxd1 41. Rxd1 Re8 42. Rd7 Qb3 43. Qc6 Qe6 44. Qb7 e4 {Accuracy: White =  9%, Black = 25%.} 0-1